00460nam a2200193 a 4500001001300000003000900013005001700022008004100039020001000080082001600090100002000106245001800126260003000144300000900174500003500183505001000218650001800228700002000246nice12345678IN_TiNIC20260116012127.0050524s1898 teha grp 000 0 per  ac10000a297.82bALM aAlmani, Shaheed aTareekh Shiah aTehranbIqbal Pressc1898 a183p aincludes index and biblioraphy2 aIndex aShiah-History1 aAlmani, Shaheed